MARC

LEADER 00000nam0a2200000 4500
001 179732
005 20231031170524.0
035 |a (RuTPU)RU\TPU\book\194832 
090 |a 179732 
100 |a 20100427d1979 m y0rusy50 ca 
101 0 |a rus 
102 |a UA 
105 |a a z 001zy 
200 1 |a Эффективные строительные конструкции из керамических камней  |f А. М. Самедов 
210 |a Киев  |c Будiвельник  |d 1979 
215 |a 123 с.  |c ил. 
320 |a Библиогр.: с. 122. 
610 1 |a строительные конструкции 
610 1 |a керамические камни 
610 1 |a стеновые блоки 
610 1 |a производство 
610 1 |a стеновые панели 
610 1 |a монтаж 
610 1 |a изготовление 
610 1 |a применение 
610 1 |a экономическая эффективность 
675 |a 69.057.1  |v 3 
675 |a 666.72  |v 3 
700 1 |a Самедов  |b А. М.  |g Ахмед Меджид-оглы 
801 1 |a RU  |b 63413507  |c 20100427 
801 2 |a RU  |b 63413507  |c 20110204  |g RCR 
942 |c BK